| 000 | 00421nam a2200169Ia 4500 | ||
|---|---|---|---|
| 003 | GCL | ||
| 008 | 140319s9999 xx 000 0 eng d | ||
| 040 |
_aGCL / _cGCL |
||
| 082 | 0 | 4 |
_a591.99 _bN W |
| 100 | 1 | _aNAYMAN, JACQUELINE | |
| 245 | 1 | 0 |
_aWORLD OF WILDLIFE / _cNAYMAN, JACQUELINE |
| 260 |
_a[S.N] : _bFERGUSON PUBLISHING COMPANY |
||
| 300 | _a336 P | ||
| 650 | 0 | 4 | _aANIMALS |
| 650 | 0 | 4 | _aWILDLIFE |
| 942 |
_2ddc _cBK |
||
| 999 |
_c14323 _d14323 |
||